Lectures on differential geometry / (Record no. 30057)

000 -LEADER
fixed length control field 00694 a2200193 4500
020 ## - INTERNATIONAL STANDARD BOOK NUMBER
International Standard Book Number 9810234945
020 ## - INTERNATIONAL STANDARD BOOK NUMBER
International Standard Book Number 9810234945
090 ## - LOCALLY ASSIGNED LC-TYPE CALL NUMBER (OCLC); LOCAL CALL NUMBER (RLIN)
-- 1446
-- 1446
100 1# - MAIN ENTRY--PERSONAL NAME
Personal name Chern, Shiing-Shen.
245 10 - TITLE STATEMENT
Title Lectures on differential geometry /
Statement of responsibility, etc. Shiing-Shen Chern, W. H. Chen, K. S. Lam.
260 ## - PUBLICATION, DISTRIBUTION, ETC.
Place of publication, distribution, etc. [S.l.] :
Name of publisher, distributor, etc. World Scientific Publishing Company,
Date of publication, distribution, etc. 1999.
300 ## - PHYSICAL DESCRIPTION
Extent 356 p. ;
Dimensions 22 cm.
490 1# - SERIES STATEMENT
Series statement Series on university mathematics.
700 1# - ADDED ENTRY--PERSONAL NAME
Personal name Chen, W. H.
700 1# - ADDED ENTRY--PERSONAL NAME
Personal name Lam, K. S.
830 #0 - SERIES ADDED ENTRY--UNIFORM TITLE
Uniform title Series on university mathematics.
942 ## - ADDED ENTRY ELEMENTS (KOHA)
Institution code [OBSOLETE] SNS
Koha item type Book
Call number prefix 516.36 CHE
Holdings
Withdrawn status Lost status Damaged status Not for loan Permanent Location Current Location Date acquired Total Checkouts Full call number Barcode Date last seen Price effective from Koha item type
        School of Natural Sciences (SNS) School of Natural Sciences (SNS) 05/26/2016   516.36 CHE SNS0000344 05/26/2016 05/26/2016 Book
© 2023 Central Library, National University of Sciences and Technology. All Rights Reserved.